| 000 | 01086cam a2200193 4500500 | ||
|---|---|---|---|
| 005 | 20251214022340.0 | ||
| 041 | _afre | ||
| 042 | _adc | ||
| 100 | 1 | 0 |
_aSchoch, Patrice _eauthor |
| 700 | 1 | 0 |
_aLe Rudulier, Karine _eauthor |
| 700 | 1 | 0 |
_aBaron, François _eauthor |
| 700 | 1 | 0 |
_aKefi, Mohamed Karim _eauthor |
| 245 | 0 | 0 | _aHacia una IA territorial, ética y justa: Un prototipo low-tech para una gobernanza mejorada |
| 260 | _c2025. | ||
| 500 | _a7 | ||
| 520 | _aEste artículo propone un prototipo de baja tecnología (low-tech) para estructurar las relaciones entre las partes interesadas y las vulnerabilidades PESTEL desde una perspectiva de gobernanza territorial. Tras haber sido probado en una municipalidad, este prototipo supone un primer paso hacia un sistema de inteligencia artificial territorial (SIAT) que sea ético, explicable y adaptado a las especificidades locales. | ||
| 786 | 0 | _nManagement & Avenir | 148 | 4 | 2025-09-08 | p. 45-65 | 1768-5958 | |
| 856 | 4 | 1 | _uhttps://shs.cairn.info/revista-management-avenir-2025-4-page-45?lang=es&redirect-ssocas=7080 |
| 999 |
_c1572352 _d1572352 |
||